Derecho romano
Guardat en:
| Autor principal: | |
|---|---|
| Format: | Llibre |
| Idioma: | espanyol |
| Publicat: |
Santiago, Chile :
Jurídica de Chile,
1994.
|
| Edició: | Segunda edición. |
| Col·lecció: | Manuales Jurídicos ;
|
| Matèries: | |
| Etiquetes: |
Afegir etiqueta
Sense etiquetes, Sigues el primer a etiquetar aquest registre!
|
MARC
| LEADER | 00000nam a2200000 a 4500 | ||
|---|---|---|---|
| 001 | UCY9294 | ||
| 003 | CL-VaPUC | ||
| 005 | 20250415153309.0 | ||
| 008 | 950713e19940000CL |||||||||||||||||spa|d | ||
| 999 | |c 236417 |d 236415 | ||
| 020 | |a 9561009462 | ||
| 040 | |c Pontificia Universidad Católica de Valparaíso | ||
| 082 | 0 | 4 | |a 340.54 AVI 1994 |2 21 |
| 100 | 0 | |a Avila Martel, Alamiro de |e autor |9 341367 | |
| 245 | 1 | 0 | |a Derecho romano |
| 250 | |a Segunda edición. | ||
| 260 | |a Santiago, Chile : |b Jurídica de Chile, |c 1994. | ||
| 300 | |a 241 páginas | ||
| 490 | |a Manuales Jurídicos ; |n 97. | ||
| 583 | |a last modification |c 19950713 00:00:00 |k Rodrigo Vera | ||
| 650 | 0 | |a Derecho romano |9 255930 | |
| 942 | |c BK |2 ddc | ||
| 945 | |d 19950713 00:00:00 |a aalvarez | ||
| 952 | |0 0 |1 0 |4 0 |6 340_540000000000000_AVI_1994 |7 0 |8 A |9 244490 |a BIBDER |b BIBDER |d 2019-11-18 |i 3104281 |l 12 |m 2 |o 340.54 AVI 1994 |p 3104281 |r 2024-06-04 |s 2024-05-29 |w 2019-11-18 |y BK |k DER | ||
| 952 | |0 0 |1 0 |4 0 |6 340_540000000000000_AVI_1994 |7 0 |8 A |9 244491 |a BIBDER |b BIBDER |d 2019-11-18 |i 310429K |l 15 |m 1 |o 340.54 AVI 1994 |p 310429K |r 2025-05-08 |s 2025-05-02 |w 2019-11-18 |y BK |k DER | ||
| 952 | |0 0 |1 0 |4 0 |6 340_540000000000000_AVI_1994 |7 0 |8 A |9 244493 |a BIBDER |b BIBDER |d 2019-11-18 |i 3104311 |l 7 |o 340.54 AVI 1994 |p 3104311 |r 2025-05-08 |s 2025-05-02 |w 2019-11-18 |y BK |k DER | ||